000 00291nam a2200121 i 4500
001 bg
245 0 _aRak sutka :
_bleczenie i jego wyniki /
_cPod red. D.Schmahla.
260 _aWarszawa,
_c1984.
040 _cBPK
041 _apol
942 _cKS
008 s pl f |000 0 pol
999 _c22659
_d22659
856 _uhttp://koha.tu.koszalin.pl/cgi-bin/koha/opac-detail.pl?biblionumber=22659
_yKatalog online BPK